000 00862nam a2200277 a 4500
001 56938
003 BD-RjUL
005 20211209080442.0
008 161205s1968 enkb b 001 0 eng
035 _a(BD-RjUL) 57062
040 _aDLC
_cDLC
_dBD-RjUL
_beng
041 _aeng
082 0 0 _a297.0964
_223
_bGEI 1968
100 1 _aGeertz, Clifford.
_9169226
245 1 0 _aIslam observed :
_breligious development in Morocco and Indonesia /
_cClifford Geertz
260 _aNew Haven :
_bYale University Press,
_cc1968.
300 _axii, 136 p. :
_bill. ;
_c23 cm.
350 _a$5.00
_a45/-
500 _aIncludes index
650 0 _aIslam
_zMorocco.
_9169228
650 0 _aIslam
_zIndonesia.
_9169229
740 _aReligious development in Morocco and Indonesia.
942 _2ddc
_cBK
999 _c56938
_d56938